Movies Quiz

Random Movies or Star Wars Quiz

Star Wars Planets Quiz Stats

 Plays Quiz not verified by Sporcle

Score 0/12 Timer 06:00
0 Plays Today
Picture Answer % Correct
6.Coruscant
86%
2.Hoth
83.5%
9.Naboo
81.8%
5.Mustafar
79.3%
8.Geonosis
72.7%
10.Kamino
71.9%
12.Yavin Prime
71.9%
7.Tatooine
71.1%
1.Dagobah
61.2%
11.Bespin
59.5%
3.Kashyyyk
49.6%
4.Mygeeto
24.8%

You're not logged in!

Compare scores with friends on all Sporcle quizzes.
OR
Log In

You Might Also Like...

Show Comments

Extras

Top Quizzes Today


Score Distribution

Your Account Isn't Verified!

In order to create a playlist on Sporcle, you need to verify the email address you used during registration. Go to your Sporcle Settings to finish the process.

Report this User

Report this user for behavior that violates our Community Guidelines.

Details: